=LDR 00000nam 2200000 4500 =001 INLIS000000000024504 =005 20130612123102 =008 ***********************************Ind** =035 ##$$a0010-061300000024504 =041 ##$$a Ind =082 ##$$a 005.365 =090 ##$$a 005.365, Muh b =100 ##$$a Muharyadi, Firdi =245 ##$$a Bercumbu dengan multimedia windows XP professional, Firdi Muharyadi =260 ##$$a [s.a] $b Surabaya =300 ##$$a 241 hlm, ilus, 21 cm =650 ##$$a Komputer =850 ##$$a NBPNMAT =990 ##$$a 21400521/BPAP-NTB/2014